000 00480nam a2200205Ia 4500
005 20250923150324.0
008 008 250917s9999 xx 000 0 eng d
037 _aTextual
040 _aDSWL
_beng
_cDSWL
041 _aeng
_2eng
084 _qDSWL
100 _aVani
_9844683
245 0 _aYouth and voluntarisim
_cby Vani
260 _aNew Delhi
_bVani
_c1995
300 _a65p.
365 _aINR
_b20
925 _g20
942 _cTEXL
999 _c1462168
_d1462168